A carregar...

College physics, eng /

Detalhes bibliográficos
Autor principal: Weber, Robert L. Etc
Idioma:Undetermined
Publicado em: 1959.
Edição:3rd ed
Assuntos:
LEADER 00422nam a2200145Ia 4500
001 17796
008 170722s9999 xx 000 0 und d
100 |a Weber, Robert L. Etc 
245 |a College physics, eng / 
250 |a 3rd ed 
260 |c 1959. 
653 |a Physics 
942 |c GEN 
999 |c 66785  |d 66785 
952 |0 0  |1 0  |4 0  |6 C__C_6_000000000000000_J9  |7 0  |9 94778  |a LIB  |b LIB  |d 2013-03-25  |o C, C 6 J9  |p 108321  |r 2017-08-12  |w 2017-08-12  |y GEN